000
00300nam a22001337a 4500
003
ASAB
005
20180827062335.0
008
131217t xxu||||| |||| 00| 0 eng d
020
_a
0-14-023821-2
040
_c
Asab
100
_q
Jane Austen
_9
413
245
_a
Pride and Prejudice
942
_2
ddc
_c
BK
999
_c
479126
_d
479126